000 00481nam a2200181Ia 4500
005 20250508163355.0
008 008 250505s9999 xx 000 0 eng d
037 _aTextual
040 _aFEDL
_beng
_cFEDL
041 _aeng
_2eng
084 _a512, MCC
_qFEDL
100 _aMcCoy Neal H
245 0 _aIntroduction to modern algebra
260 _aBoston, USA
_bAllyn and Bacon
_c1960
300 _a304p.
942 _cTEXL
_h512, MCC
999 _c1382639
_d1382639